Renaissance/ (Record no. 200431)

MARC details
000 -LEADER
fixed length control field 00537nam a22002057a 4500
005 - DATE AND TIME OF LATEST TRANSACTION
control field 20240129145341.0
010 ## - LCCN (DPL NO)
LC control number ENG-139062
020 ## - INTERNATIONAL STANDARD BOOK NUMBER
International Standard Book Number 9789359677026
Terms of availability 3000.00
035 ## - SYSTEM CONTROL NUMBER
System control number EN-122594
037 ## - SOURCE OF ACQUISITION
Source of stock number/acquisition DBAD/PUB
082 ## - DEWEY DECIMAL CLASSIFICATION NUMBER
Classification number 921
Edition number 1
100 ## - MAIN ENTRY--PERSONAL NAME
Personal name Mandal, S.R
245 ## - TITLE STATEMENT
Title Renaissance/
Statement of responsibility, etc S.R. Mandal
250 ## - EDITION STATEMENT
Edition statement 1
260 ## - PUBLICATION, DISTRIBUTION, ETC. (IMPRINT)
Place of publication, distribution, etc West Bangol
Name of publisher, distributor, etc BY Author
Date of publication, distribution, etc 2023
270 ## - ADDRESS
Address 46/40,S.N.Banerjee Street
City Kolkata
Postal code 700014
300 ## - PHYSICAL DESCRIPTION
Extent 129 p.
Dimensions 29 cm(hbk)
700 ## - ADDED ENTRY--PERSONAL NAME
9 (RLIN) 61376
942 ## - ADDED ENTRY ELEMENTS (KOHA)
Source of classification or shelving scheme Dewey Decimal Classification
Item type English Books
Classification part 921
Call number suffix MAN
Holdings
Withdrawn status Lost status Not for loan Collection code Home library Current library Date acquired Source of acquisition Cost, normal purchase price Full call number Barcode Copy number Cost, replacement price Koha item type
    Not For Loan Reference Sarojini Nagar Sarojini Nagar 29/01/2024 DBAD/PUB 3000.00 921 MAN EN-122594 1 3000.00 English Books

© Delhi Public Library
Hit Counter
free hit counter